Κατάλογος Βιβλιοθηκών Mediterranean College

Η Κακή Συμπεριφορά / Βοηθώντας τους Γονείς να Αντιμετωπίσουν το Παιδί με Διαταραχή Διαγωγής (Record no. 9023)

MARC details
000 -LEADER
fixed length control field 01612cam a22002174a 4500
005 - ΗΜΕΡΟΜΗΝΙΑ ΚΑΙ ΩΡΑ ΤΕΛΕΥΤΑΙΑΣ ΕΝΗΜΕΡΩΣΗΣ
Πεδίο ελέγχου 20250605164352.0
008 - FIXED-LENGTH DATA ELEMENTS--GENERAL INFORMATION
Πεδίο ελέγχου σταθερού μήκους 250528s ||||||||||||||||||||||||d
035 ## - SYSTEM CONTROL NUMBER
System control number 24124
020 ## - ISBN
ISBN 9603445177
040 ## - ΠΗΓΗ ΚΑΤΑΛΟΓΟΓΡΑΦΗΣΗΣ
Φορέας πρωτότυπης καταλογογράφησης MC Athens Campus Library
Γλώσσα καταλογογράφησης Ελληνικά, Μοντέρνα (1453-)
Modifying agency MC Athens Campus Library
Κανόνες περιγραφικής καταλογογράφησης AACR2
245 1# - ΤΙΤΛΟΣ ΚΑΙ ΔΗΛΩΣΗ ΥΠΕΥΘΥΝΟΤΗΤΑΣ
Τίτλος Η Κακή Συμπεριφορά / Βοηθώντας τους Γονείς να Αντιμετωπίσουν το Παιδί με Διαταραχή Διαγωγής
260 ## - PUBLICATION, DISTRIBUTION, ETC.
Place of publication, distribution, etc. Αθήνα
Name of publisher, distributor, etc. Ελληνικά Γράμματα,
Date of publication, distribution, etc. 1998
300 ## - PHYSICAL DESCRIPTION
Extent 80
520 ## - SUMMARY, ETC.
Summary, etc. Πρόλογος, Εισαγωγή, Υπακοή και Αυτοέλεγχος, Διαταραχές Διαγωγής, Η Θεωρία της Κοινωνικής Μάθησης, Το Προφίλ του Παιδιού, Επιπτώσεις στην Οικογένεια, Αιτίες: Ελλιπής Κοινωνική Μάθηση, Ελλείψεις στις Δεξιότητες Ανατροφής, Ιδιοσυγκρασία, Η Αξιολόγηση, Εντοπισμός και Προσδιορισμός του Προβλήματος, Παρέμβαση, Ατομικά Προγράμματα Εκπαίδευσης Γονέων και Οικογένειας, Ομαδικά Προγράμματα, Το Συνεργατικό Μοντέλο, Βιβλιογραφικές Αναφορές, Παραρτήματα, Συμβουλές για Γονείς.
700 1# - ΠΡΟΣΘΕΤΗ ΑΝΑΓΡΑΦΗ--ΦΥΣΙΚΟ ΠΡΟΣΩΠΟ
Personal name Herbert Martin
9 (RLIN) 7179
700 1# - ΠΡΟΣΘΕΤΗ ΑΝΑΓΡΑΦΗ--ΦΥΣΙΚΟ ΠΡΟΣΩΠΟ
Personal name Μωραϊτη Γεωργία
9 (RLIN) 9382
700 1# - ΠΡΟΣΘΕΤΗ ΑΝΑΓΡΑΦΗ--ΦΥΣΙΚΟ ΠΡΟΣΩΠΟ
Personal name Παπαδιώτη-Αθανασίου Βασιλική
9 (RLIN) 158
942 ## - ADDED ENTRY ELEMENTS (KOHA)
Koha item type Books
Holdings
Τύπος τεκμηρίου Βιβλιοθήκη Τρέχουσα τοποθεσία Barcode Αριθμός εισαγωγής Ημερομηνία απόκτησης Ταξιθετικό σύμβολο Αριθμός αντιτύπου Κατάσταση απόσυρσης Κατάσταση χαμένου Κατάσταση κατεστραμμένου Μη δανεισμός Σύνολο δανεισμών Ημερομηνία τελευταίας εμφάνισης Η τιμή ισχύει από
Books MC Athens Campus Library MC Athens Campus Library 9780000090225 7711   649.64 HER 1           05/06/2025 05/06/2025

MC Athens Campus Library
Πατησίων 94 & Κοδριγκτώνος 13, 104 34
Πελλήνης 8 & Πατησίων 107, 112 51
Τ: +30 210 8899600

MC Thessaloniki Campus Library
Ίωνος Δραγούμη 21, 54625 | Ίωνος Δραγούμη 15, 54625
Τ: +30 2310 287779 – Τ: +30 2314 440300